Villes de Normandie A-Z - Statistiques

Statistiques générales
  • Ce quiz a été pris 561 fois
    83 depuis la dernière actualisation
  • Le résultat moyen est 10 sur 22
Statistiques - réponses
Ville Population Département % Correct
C Caen 109 000 Calvados 14
97%
A Alençon 25 000 Orne 61
86%
R Rouen 118 000 Seine-Maritime 76
86%
E Evreux 49 000 Eure 27
80%
L Le Havre 167 000 Seine-Maritime 76
80%
B Bayeux 13 000 Calvados 14
70%
D Dieppe 28 000 Seine-Maritime 76
70%
G Granville 13 000 Manche 50
65%
F Fécamp 17 000 Seine-Maritime 76
61%
H Hérouville-Saint-Clair 23 000 Calvados 14
48%
V Vernon 25 000 Eure 27
48%
Y Yvetot 11 000 Seine-Maritime 76
41%
I Ifs 12 000 Calvados 14
36%
S Saint-Étienne-du-Rouvray 30 000 Seine-Maritime 76
32%
O Oissel-sur-Seine 12 000 Seine-Maritime 76
30%
M Mont-Saint-Aignan 20 000 Seine-Maritime 76
23%
J Jullouville 2 000 Manche 50
13%
N Notre-Dame-de-Bondeville 7 000 Seine-Maritime 76
12%
P Port-Jérôme-sur-Seine 11 000 Seine-Maritime 76
10%
T Thue et Mue 6 000 Calvados 76
9%
Q Quettreville-sur-Sienne 3 000 Manche 50
1%
U Ussy 1 000 Calvados 14
1%
Aucun quiz correspondant
Distribution des résultats
% des personnes avec chaque résultat
Percentile par nombre de réponses
Votre historique - résultats
Vous n’avez pas pris ce quiz depuis la dernière actualisation